Asamiya bhasa aru sanskriti (Record no. 2366)

MARC details
000 -LEADER
fixed length control field 00506cam a2200193ua 4500
001 - CONTROL NUMBER
control field 2515
005 - DATE AND TIME OF LATEST TRANSACTION
control field 20260515113518.0
008 - FIXED-LENGTH DATA ELEMENTS--GENERAL INFORMATION
fixed length control field 110912n ii |||gr||||Z||||||asm
040 ## - CATALOGING SOURCE
Transcribing agency MAIN
082 ## - DEWEY DECIMAL CLASSIFICATION NUMBER
Classification number 491.451
100 ## - MAIN ENTRY--PERSONAL NAME
Personal name Baruah, Birinchi Kumar,
Relator term Author.
245 1# - TITLE STATEMENT
Title Asamiya bhasa aru sanskriti
Statement of responsibility, etc. by Birinchi Kr. Baruah
250 ## - EDITION STATEMENT
Edition statement 8th.
260 ## - PUBLICATION, DISTRIBUTION, ETC.
Place of publication, distribution, etc. Nalbari:
Name of publisher, distributor, etc. Journal emporium,995.
300 ## - PHYSICAL DESCRIPTION
Extent 130p:
Dimensions ill.
653 ## - INDEX TERM--UNCONTROLLED
Uncontrolled term Assamese language
653 ## - INDEX TERM--UNCONTROLLED
Uncontrolled term Asamiya bhasa aru sanskriti
942 ## - ADDED ENTRY ELEMENTS (KOHA)
Koha item type Books
Holdings
Withdrawn status Lost status Damaged status Not for loan Home library Current library Shelving location Date acquired Total checkouts Full call number Barcode Date last seen Copy number Price effective from Koha item type Date last checked out
        Naharkatiya College Library Naharkatiya College Library General stacks 09/19/2020   491.451 | BAR 8546 09/19/2020 2 09/19/2020 Books  
        Naharkatiya College Library Naharkatiya College Library General stacks 09/19/2020 4 491.451 | BAR 8548 03/24/2023 3 09/19/2020 Books 03/04/2023
        Naharkatiya College Library Naharkatiya College Library General stacks 09/19/2020 3 491.451 | BAR 8549 09/03/2024 1 09/19/2020 Books 09/03/2024